000 00684cab a2200217 4500
001 ABS52368
008 090401t1995 xxu||||| |||| 00| 0 eng d
035 _a(Sirsi) u74925
041 _aeng
100 _aHowells, C.I.
245 _aMortgagees and purchasers: separate solicitors?
260 _c1995
350 _a0
490 _aNew Law Journal
_v145(6682) 10 February 1995, 193-194(2)
520 _aConsiders the issue of separate legal representation of mortgagees and purchasers which has been the subject of recent debate.
650 _aCONVEYANCING
650 _aSEPARATE REPRESENTATION
690 _aPROPERTY LAW AND PRACTICE
942 _n0
948 _c04/03/1997
999 _c47205
_d47205